Statistiken für Großstädte Italiens

Klicken Sie hier um das Quiz zu spielen!

Allgemein

  • Dieses Quiz wurde 122 mal gespielt
  • Das Durchschnittsergebnis liegt bei 17 aus 44

Antwortstatistiken

EinwohnernzahlStadt% Korrekt
2.748.109Rom
100%
1.354.196Mailand
97%
913.462Neapel
96%
841.600Turin
93%
250.369Venedig
93%
558.745Genua
83%
630.167Palermo
83%
360.930Florenz
82%
387.971Bologna
72%
255.588Verona
63%
316.015Bari
61%
119.534Bergamo
52%
106.107Bozen
50%
198.417Triest
49%
148.117Cagliari
47%
298.762Catania
45%
196.764Parma
45%
206.496Padua
42%
149.211Rimini
39%
218.786Messina
35%
184.153Modena
33%
118.046Trient
31%
196.446Brescia
30%
121.799Monza
28%
127.186Salerno
28%
152.914Livorno
27%
155.751Ravenna
25%
118.657Pescara
22%
116.244Syrakus
21%
161.748Perugia
20%
129.340Ferrara
16%
145.348Foggia
16%
188.098Tarent
16%
109.823Vicenza
16%
170.951Reggio di Calabria
15%
102.465Piacenza
12%
101.257Novara
11%
169.545Reggio nell’Emilia
11%
121.021Sassari
11%
195.736Prato
9%
106.370Terni
9%
127.564Latina
7%
116.440Forlì
4%
123.679Giugliano in Campania
0%

Verteilung der Resultate

Perzentil nach korrekt beantworteten Fragen

Anzahl Personen mit jedem Resultat

Ihre Resultats-Entwicklung

Sie haben dieses Quiz noch nicht gespielt